000 00724nam a2200169Ia 4500
008 090711s9999 xx 000 0 und d
082 _b64320
100 _aरघुवंशी रमेश वि. (प्रका.)
245 _aअलौकिक यशासाठी संधी कशी शोधावी
260 _c1990
300 _a72
600 _aरघुवंशी रमेश वि. (प्रका.)
630 _aअलौकिक यशासाठी संधी कशी शोधावी
700 _aरघुवंशी रमेश वि. (प्रका.)
730 _aअलौकिक यशासाठी संधी कशी शोधावी
942 _cBOOK
999 _c285145
_d285145